Riconosci il Pokémon - Quiz n°731 - Statistics

Statistiche generali
  • Questo quiz è stato fatto 1 volte
  • Il punteggio medio è 4 su 10
Statistiche sulle risposte
Indizio Riposta % Corretto
Stadio evoluzione Forma Base
100%
Abilità Premonizione; Sincronismo; Telepatia
100%
Tipo Psico
100%
Generazione Quinta
100%
Altezza 0,6 m
0%
Tasso di cattura 190 (35.2%)
0%
Peso 23,3 kg
0%
Sesso 50% ♂, 50% ♀
0%
Pokémon Munna
0%
Tasso di allevamento Veloce
0%
Nessun quiz corrispondente trovato
Distribuzione punteggi
Percentuale di utenti per punteggio
Percentile per numero di risposta
I tuoi punteggi nel tempo
Non hai fatto questo quiz